Anagrammes aléatoires de villes françaises - Statistiques

Statistiques générales
  • Ce quiz a été pris 16 378 fois
  • Le résultat moyen est 10 sur 20
Statistiques - réponses
Ville % Correct
Metz
93%
Lille
92%
Lyon
92%
Paris
87%
Nice
86%
Dijon
85%
Foix
85%
Nîmes
84%
Ajaccio
81%
Caen
80%
Lens
80%
Besançon
78%
Brest
78%
Dunkerque
77%
Laval
76%
Mâcon
76%
Tours
73%
Albi
70%
Arras
69%
Bordeaux
68%
Toulon
66%
Strasbourg
65%
Agen
64%
Rodez
64%
Nancy
63%
Reims
61%
Perpignan
60%
Rennes
60%
Toulouse
60%
Cergy
59%
Évreux
59%
Carcassonne
58%
Montpellier
58%
Rouen
58%
Angoulême
57%
Blois
57%
Laon
57%
Nantes
57%
Auxerre
55%
Châteauroux
55%
Melun
55%
Mulhouse
55%
Bastia
53%
Béziers
53%
Cannes
53%
Tulle
53%
Auch
52%
Quimper
52%
Vannes
52%
Alençon
51%
Bayonne
51%
Troyes
49%
Bourges
48%
Marseille
48%
Périgueux
48%
Niort
46%
Roubaix
45%
Annecy
44%
Avignon
44%
Vesoul
43%
Grenoble
42%
Valence
42%
Verdun
42%
Calais
41%
Épinal
41%
Orléans
40%
Angers
39%
Bobigny
39%
Cholet
39%
Limoges
39%
Chambéry
38%
Mende
38%
Belfort
36%
Montauban
35%
Nevers
35%
Colmar
34%
Chartres
33%
Nouméa
33%
Tarbes
33%
Cahors
32%
Cayenne
31%
Villeurbanne
31%
Amiens
30%
Mamoudzou
30%
Versailles
30%
Poitiers
29%
Nanterre
28%
Beauvais
26%
Créteil
25%
Tourcoing
25%
Privas
24%
Roanne
24%
Moulins
22%
Guéret
18%
Lorient
17%
Saintes
17%
Chaumont
16%
Aurillac
14%
Forbach
14%
Lannion
14%
Aucun quiz correspondant
Distribution des résultats
% des personnes avec chaque résultat
Percentile par nombre de réponses
Votre historique - résultats
Vous n’avez pas pris ce quiz